| 000 | 00344nam a2200121Ia 4500 | ||
|---|---|---|---|
| 008 | 210430s9999 xx 000 0 und d | ||
| 082 | _a897 K511 M | ||
| 100 |
_aBruch King _953303 |
||
| 245 |
_aModern Indian Poetry in English Revised edition _cBruch King |
||
| 260 |
_aIndia _bOXFORDUniversity Press _c2007 |
||
| 300 | _a415p | ||
| 942 |
_cBK _2ddc |
||
| 999 |
_c563251 _d563251 |
||